| 000 | 00502nam a2200181Ia 4500 | ||
|---|---|---|---|
| 999 |
_c16625 _d16625 |
||
| 003 | OSt | ||
| 005 | 20200606115949.0 | ||
| 008 | 190216s9999||||xx |||||||||||||| ||und|| | ||
| 020 | _a818846421X | ||
| 040 | _cMESKC library | ||
| 082 |
_a080 _bGUP/J |
||
| 100 |
_aGupta, Vibha _9204 |
||
| 245 | 0 |
_aJahanvi Hindi-Angreji Sukti Kosh / _cVibha Gupta |
|
| 260 |
_bJahavi Prakashan, _c2010. _aDelhi: |
||
| 300 | _a176p | ||
| 650 | _aHindi | ||
| 942 |
_cBK _2ddc _h080 _iGUP/J _k080 _mGUP/J |
||